| 000 | 00473nam a2200181Ia 4500 | ||
|---|---|---|---|
| 008 | 230917s9999||||xx |||||||||||||| ||und|| | ||
| 020 | _cGBP 36.99 (RS 3707.88) | ||
| 040 |
_e5009894 _aMAIN |
||
| 041 | _aEnglish | ||
| 082 | _a346.0432 D643M(12) | ||
| 100 | _aDixon, Martin | ||
| 245 | 0 | _aModern land law | |
| 250 | _a12th ed. | ||
| 260 |
_aOxon _bRoutledge _c2021 |
||
| 300 | _axxxix, 506 p. | ||
| 500 | _a4882 22/12/2022 PBA22/393 22/12/2022 Main Budget | ||
| 942 | _cBK | ||
| 999 |
_c7679 _d7679 |
||